000 01153cam a2200289 i 4500
001 24319
003 Mx-PuUPA
005 20250514131115.0
008 140415s2003 mx # gr 000 0 spa d
020 _a9685087571
040 _aMx-PuUPA
_bspa
_cMx-PuUPA
_dMx-PuUPA
_erda
041 0 _aspa
100 1 _aPedroza Zapata, Álvaro,
_eautor
_917048
245 1 0 _aHacia una ventaja competitiva :
_bgestión estratégica de la tecnología /
_cÁlvaro Pedroza Zapata y Tirso Suárez-Nuñez
264 1 _aMéxico, D.F. :
_bInstituto Tecnológico y de Estudios Superiores de Occidente : Universidad Autónoma de Yucatán
_c©2003
300 _a211 páginas :
_bdiagramas, tablas ;
_c22 cm
336 _2rdacontent
_atexto
_btxt
337 _2rdamedia
_asin medio
_bn
338 _2rdacarrier
_avolumen
_bnc
650 7 _2armarc
_aInnovaciones tecnológicas
_xAdministración
650 7 _2armarc
_aPlanificación estrátegica
700 1 _aSuárez-Nuñez,Tirso,
_eautor
942 _2ddc
_cLI
_h658.4062
_iP37
999 _c24319
_d24319